000 01305cam a2200301u 4500
999 _c358010
_d358010
001 7412600
003 IT-MiSPE
005 20181112143308.0
008 810710s1945 it 000 0 ita
010 _a 47027429
020 _c800 LIRE
040 _aIT-MiSPE
_cIT-MiSPE
_bita
041 _aita
_hger
082 _a833-MAN th bu (23194)
100 1 _aMann, Thomas,
_cPremio Nobel (1929)
_d1875-1955.
_eautore
_957385
240 1 0 _aBuddenbrooks / Verfall einer Familie
_lger
245 1 2 _aI Buddenbrook /
_bDecadenza di una famiglia
260 _aMilano :
_bMondadori,
_c1970 (2a edizione)
300 _axl, 600 p. ;
_c18,5 cm.
490 _aOscar Mondadori
500 _aCon una cronologia della vita dell'Autore e dei suoi tempi, un'introduzione, una antologia critica e una bibliografia a cura di Roberto Fertonani
504 _aBibliografia (pp. xxxix-xl)
520 _aIl romanzo di quattro generazioni: figure tragiche e solitarie, stravaganti e inquiete nel dramma della borghesia europea in declino. Prima opera narrativa di ampio respiro del giovane Thomas Mann (1901).
546 _aTraduzione di Ervino Pocar
655 _aLingua e letteratura tedesca
_xVari altri autori: opere originali e studi
_957384
700 1 _aPocar, Ervino,
_d1892-1981,
_etr.
_957386
942 _2ddc
_cBK